Turning point : (Record no. 41949)

MARC details
000 -LEADER
fixed length control field 00710nam a22001937a 4500
005 - DATE AND TIME OF LATEST TRANSACTION
control field 20100814150554.0
010 ## - LCCN (DPL NO)
LC control number ENG-100531
020 ## - INTERNATIONAL STANDARD BOOK NUMBER
International Standard Book Number 9788189746896
Terms of availability 95.00
035 ## - SYSTEM CONTROL NUMBER
System control number EN-84064
037 ## - SOURCE OF ACQUISITION
Source of stock number/acquisition DBAD/PUB
082 ## - DEWEY DECIMAL CLASSIFICATION NUMBER
Classification number 181.4
100 ## - MAIN ENTRY--PERSONAL NAME
Personal name Rakhit, Maanoj
245 ## - TITLE STATEMENT
Title Turning point :
Remainder of title my journing to him /
Statement of responsibility, etc by Maanoj Rakhit
260 ## - PUBLICATION, DISTRIBUTION, ETC. (IMPRINT)
Place of publication, distribution, etc Mumbai
Name of publisher, distributor, etc Maanoj Rahkit
Date of publication, distribution, etc 2002
270 ## - ADDRESS
Address Buldg. No. 8 Flat No. 604 Discovery CHSL Duttapada Marg, Borivali East,
City Mumbai
Postal code 400066
300 ## - PHYSICAL DESCRIPTION
Extent 88p.
Dimensions 21cm (pbk)
942 ## - ADDED ENTRY ELEMENTS (KOHA)
Source of classification or shelving scheme Dewey Decimal Classification
Item type English Books
Classification part 181.4
Call number suffix RAK
Holdings
Withdrawn status Lost status Not for loan Collection code Home library Current library Date acquired Source of acquisition Cost, normal purchase price Full call number Barcode Copy number Cost, replacement price Koha item type
    Not For Loan Non-fiction D.B.Act.Division D.B.Act.Division 14/08/2010 DBAD/PUB 95.00 181.4 RAK EN-84064 1 95.00 English Books

© Delhi Public Library
Hit Counter
free hit counter